000 00930 a2200217 4500
005 20260313171547.0
008 260313b |||||||| |||| 00| 0 eng d
020 _a9789391798406 (hbk)
037 _cTB
040 _aCRL
_cCRL
041 _2hin
_ahin
084 _aQ8441xK66:g 152R4
_qCRL
245 _aगोबिन्द साहित्य विविध आयाम
260 _aदिल्ली, भारत:
_bएकैडमिक पब्लिकेशन,
_c2024.
300 _a126पृ.
650 _aसिक्ख धर्म
_91132073
650 _aगुरु गोबिन्द सिंह
_91113762
700 _aकौर, शोभा
_eसम्पादक
942 _cTB
_2CC
_hQ8441xK66:g 152R4
999 _c1490745
_d1490745